| 000 | 00706nam a2200205 4500 | ||
|---|---|---|---|
| 008 | 020423s2001 ch chiYA | ||
| 020 | _a9575876946 | ||
| 020 | _a9789575876944 | ||
| 090 |
_aBS535 _bSu7i |
||
| 100 | 1 | _a郭秀娟 Sun, Jennifer H. | |
| 245 | 1 | 0 |
_a認識聖經文學 Ren shi sheng jing wen xue = Introduction to the literature of the Bible {ch} / _c郭秀娟 Jennifer H. Sun. |
| 260 |
_aTaiwan : _b校園書房 Campus Evangelical Fellowship, _cc2001. |
||
| 300 | _a207 p. | ||
| 650 | 4 | _aBible as literature{ch}. | |
| 650 | 4 |
_aBible _xCriticism, interpretation, etc.{ch}. |
|
| 650 | 4 |
_aBible _xIntroductions{ch}. |
|
| 951 | _x00027919 | ||
| 942 | 0 | 0 |
_03 _2lcc _cBK |
| 999 |
_c7340 _d7340 |
||